| 000 | 00475nam a2200157 i 4500 | ||
|---|---|---|---|
| 001 | 79149 | ||
| 003 | ES-MaACL | ||
| 005 | 20230906173920.0 | ||
| 007 | t| | ||
| 008 | 041020s1970 sp ||||1| spa d | ||
| 100 | 1 |
_aHernández Esteve, Esteban. _962932 |
|
| 245 | 1 | 0 |
_aEstructura y funciones de la Banca en los países socialistas / _cEsteban Hernández Esteve. |
| 260 |
_aBarcelona : _bAriel, _c[1970] |
||
| 300 |
_a207 p. ; _c19 cm. |
||
| 852 |
_aES-MaACL _jC-50638 _bR.76477 |
||
| 999 |
_c79149 _d79149 |
||